Questions sociales / (Registro nro. 167829)

Detalles MARC
000 -LEADER
campo de control de longitud fija 00652nam a2200193 i 4500
001 - NÚMERO DE CONTROL
campo de control 167829
003 - IDENTIFICADOR DE NÚMERO DE CONTROL
campo de control ES-MaACL
005 - FECHA Y HORA DE LA ÚLTIMA TRANSACCIÓN
campo de control 20250929063250.0
008 - DATOS DE LONGITUD FIJA--INFORMACIÓN GENERAL
campo de control de longitud fija 050929s1900 fr | |||||||| ||fre d
040 ## - FUENTE DE CATALOGACIÓN
Centro catalogador/agencia de origen CAM
Lengua de catalogación spa
Centro/agencia transcriptor CAM
100 1# - ENTRADA PRINCIPAL--NOMBRE DE PERSONA
Nombre de persona Waldeck-Rousseau, Pierre,
Fechas asociadas al nombre 1846-1904
9 (RLIN) 115894
245 10 - MENCIÓN DEL TÍTULO
Título Questions sociales /
Mención de responsabilidad, etc. Waldeck-Rousseau.
260 ## - PUBLICACIÓN, DISTRIBUCIÓN, ETC.
Lugar de publicación, distribución, etc. Paris :
Nombre del editor, distribuidor, etc. Eugène Fasquelle, éditeur,
Fecha de publicación, distribución, etc. 1900 (
Fabricante L. Maretheux)
300 ## - DESCRIPCIÓN FÍSICA
Extensión VIII, 378 p. ;
Dimensiones 19 cm.
595 ## -
-- En port. consta: Deuxième mille.
651 #4 - PUNTO DE ACCESO ADICIONAL DE MATERIA--NOMBRE GEOGRÁFICO
Nombre geográfico Francia-
Subdivisión general Historia-
Subdivisión cronológica 1870-1940, III República
9 (RLIN) 8697
852 ## - LOCALIZACIÓN
Ubicación ES-MaACL
Número de control de estantería D-4771
Nota libre -- Rúst.
Existencias
Estatus retirado Estado de pérdida Estado de daño No para préstamo Colección Biblioteca de origen Biblioteca actual Ubicación en estantería Fecha de adquisición Fuente de adquisición Total de préstamos Signatura topográfica completa Código de barras Visto por última vez Precio de reemplazo Tipo de ítem Koha
        Libros del s. XIX Biblioteca del Ateneo de Madrid Biblioteca del Ateneo de Madrid Sala Valle Inclán 17/01/2008     D-4771 901176072 23/02/2023 23/02/2023 Libro impreso antiguo